La transición a las nuevas ISO 9000:2000 y su implantación : (Registro nro. 626)

Detalles MARC
000 -LEADER
campo de control de longitud fija 02516nam a22004097a 4500
001 - NÚMERO DE CONTROL
campo de control 42835
003 - IDENTIFICADOR DE NÚMERO DE CONTROL
campo de control gtgccic
005 - FECHA Y HORA DE LA ÚLTIMA TRANSACCIÓN
campo de control 20250609154715.0
007 - CAMPO FIJO DE DESCRIPCIÓN FÍSICA--INFORMACIÓN GENERAL
campo de control de longitud fija ta
008 - DATOS DE LONGITUD FIJA--INFORMACIÓN GENERAL
campo de control de longitud fija 250609b sp ||||| |||| 00| 0 spa d
020 ## - NÚMERO INTERNACIONAL ESTÁNDAR DEL LIBRO
Número Internacional Estándar del Libro 8479785195
040 ## - FUENTE DE CATALOGACIÓN
Centro catalogador/agencia de origen gtgccic
Lengua de catalogación spa
Centro/agencia transcriptor gtgccic
Centro/agencia modificador gtgccic
Normas de descripción rda
082 ## - NÚMERO DE LA CLASIFICACIÓN DECIMAL DEWEY
Número de clasificación 658.562 C419
100 1# - ENTRADA PRINCIPAL--NOMBRE DE PERSONA
Nombre de persona Cervera, Josep.
Títulos y otros términos asociados al nombre Ingeniero
Término indicativo de función/relación Autor
Forma completa/desarrollada del nombre Responsable de ISO 9000 en ICICT, S. A. Experto en sistemas de gestión de calidad y en proyectos nucleares.
245 ## - MENCIÓN DEL TÍTULO
Título La transición a las nuevas ISO 9000:2000 y su implantación :
Resto del título Un plan sencillo y práctico con ejemplos /
Mención de responsabilidad, etc. Josep Cervera
264 ## - PRODUCCIÓN, PUBLICACIÓN, DISTRIBUCIÓN, FABRICACIÓN Y COPYRIGHT
Producción, publicación, distribución, fabricación y copyright Madrid, España :
Nombre del de productor, editor, distribuidor, fabricante Díaz de Santos ;
Fecha de producción, publicación, distribución, fabricación o copyright 2001.
300 ## - DESCRIPCIÓN FÍSICA
Extensión xiv, 190 p. :
Otras características físicas il.
Dimensiones 24 cm
336 ## - TIPO DE CONTENIDO
Fuente rdacontenido
Término de tipo de contenido texto
Código de tipo de contenido txt
337 ## - TIPO DE MEDIO
Fuente rdamedio
Nombre/término del tipo de medio sin mediación
Código del tipo de medio n
338 ## - TIPO DE SOPORTE
Fuente rdasoporte
Nombre/término del tipo de soporte volumen
Código del tipo de soporte nc
505 ## - NOTA DE CONTENIDO CON FORMATO
Título 1. LAS NUEVAS NORMAS DE GESTIÓN DE CALIDAD ISO 9000:2000
505 ## - NOTA DE CONTENIDO CON FORMATO
Título 2. PRINCIPIOS DE GESTIÓN DE CALIDAD
505 ## - NOTA DE CONTENIDO CON FORMATO
Título 3. LA GESTIÓN ORIENTADA AL PROCESO
505 ## - NOTA DE CONTENIDO CON FORMATO
Título 4. INDICADORES
505 ## - NOTA DE CONTENIDO CON FORMATO
Título 5. AUDITORIAS ORIENTADAS A PROCESOS
505 ## - NOTA DE CONTENIDO CON FORMATO
Título 6. LA SATISFACCIÓN DEL CLIENTE
505 ## - NOTA DE CONTENIDO CON FORMATO
Título 7. LA MEJORA CONTINUA
505 ## - NOTA DE CONTENIDO CON FORMATO
Título 8. LA GESTIÓN DOCUMENTAL
505 ## - NOTA DE CONTENIDO CON FORMATO
Título GUÍA PARA LA EVALUACIÓN DE ISO 9001:2000
505 ## - NOTA DE CONTENIDO CON FORMATO
Título Anexos
520 ## - RESUMEN, ETC.
Sumario, etc. Las nuevas exigencias de los mercados sin fronteras, como consecuencia de los avances, acuerdos y resoluciones de organismos internacionales, ha hecho que las organizaciones introduzcan variaciones en la forma que se han estructurado tradicionalmente, con el fin de adapatarse convenientemente a las experiencias que dicho cambio conlleva, así , las organizaciones más competitivas, más innnovadoras y con mayor creatividad son aquellas que defienden sistemas de gestión modernos que pueden ser globales para toda la organización, como son el crecimiento, los recursos financieros, la rentabilidad, el medio ambiente, la seguridad, la salud y lógicamente la calidad entendida como cumplimiento de las necesidades y expectativas de los clientes mediante la satisfacción de los mismos. Uno de los objetivos más importantes era cómo definir un sistema de gestión de calidad moderna buscando una aproximación hacia los modelos de excelencia empresarial, con la gestión enfocada a los procesos, a la mejora continua y a la búsqueda de la satisfacción del cliente.
650 ## - PUNTO DE ACCESO ADICIONAL DE MATERIA--TÉRMINO DE MATERIA
Término de materia o nombre geográfico como elemento de entrada EFICACIA INDUSTRIAL
650 ## - PUNTO DE ACCESO ADICIONAL DE MATERIA--TÉRMINO DE MATERIA
Término de materia o nombre geográfico como elemento de entrada GESTIÓN
650 ## - PUNTO DE ACCESO ADICIONAL DE MATERIA--TÉRMINO DE MATERIA
Término de materia o nombre geográfico como elemento de entrada INDUSTRIA
942 ## - ELEMENTOS DE ENTRADA SECUNDARIOS (KOHA)
Fuente de la clasificación o esquema de estantería Clasificación Decimal Dewey
Tipo de ítem Koha Libros
Suprimir en OPAC No
945 ## - PROCESAMIENTO DE INFORMACIÓN LOCAL (OCLC)
a amlo
Existencias
Estatus retirado Estado de pérdida Fuente de la clasificación o esquema de estantería Estado de daño No para préstamo Biblioteca de origen Biblioteca actual Ubicación en estantería Fecha de adquisición Fuente de adquisición Número de inventario Total de préstamos Signatura topográfica completa Código de barras Visto por última vez Copia número Precio de reemplazo Tipo de ítem Koha
    Clasificación Decimal Dewey     CENTRO DE INFORMACIÓN A LA CONSTRUCCIÓN-CICON CENTRO DE INFORMACIÓN A LA CONSTRUCCIÓN-CICON Colección general 09/06/2025 compra 8.3.01.H.10837/05   658.562 C419 Cicon8.3.01.H.10837/ 09/06/2025 1 09/06/2025 Libros